NBA Coaches with the most Championships - Statistics

General Stats
  • This quiz has been taken 13 times
  • The average score is 8 of 14
Answer Stats
Hint Answer % Correct
11 Phil Jackson
100%
4 Steve Kerr
100%
2 Erik Spoelstra
91%
5 Gregg Popovich
91%
5 Pat Riley
82%
9 Red Auerbach
82%
2 Rudy Tomjanovich
73%
2 Chuck Daly
55%
2 Bill Russell
45%
2 K.C. Jones
45%
2 Tom Heinsohn
9%
2 Alex Hannum
0%
5 John Kundla
0%
2 Red Holzman
0%
No matching quizzes found
Score Distribution
Percent of People with Each Score
Percentile by Number Answered
Your Score History
You have not taken this quiz